Výskyt a charakterizácia Cronobacter spp. bakalárska práca

Salvato in:
Dettagli Bibliografici
Autore principale: Bukovčanová, Kristína
Natura: Libro
Lingua:slovacco
Pubblicazione: Bratislava STU FCHPT 2015
Accesso online:Visualizza in OPAC
Tags: Aggiungi Tag
Nessun Tag, puoi essere il primo ad aggiungerne!!

MARC

LEADER 00000nam a2200000 a 4500
005 20260127134224.0
008 151109 2015 000 0 slo d
035 |a vtls011187496 
039 9 |a 201511091210  |b mschk03  |y 201511091201  |z mschk03 
040 |a STUSCHK1  |b slo  |c STUSCHK1  |e AACR2 
100 1 |a Bukovčanová, Kristína 
245 1 |a Výskyt a charakterizácia Cronobacter spp.  |b bakalárska práca  |c Kristína Bukovčanová 
260 |a Bratislava  |b STU FCHPT  |c 2015 
300 |a 51 s.  |b il.  |c 25 cm 
500 |a Študijný program: výživa, kozmetika a ochrana zdravia 
500 |a Študijný odbor: potravinárstvo 
500 |a Školiace pracovisko: Odd. výživy a hodnotenia potravín 
500 |a Evid. číslo: FCHPT-13046-61462 
910 |a SCHK95 
999 |c 7064  |d 7064